00858 a2200181 4500003000500000005001700005010001600022020002400038040000900062082001700071245003900088260004600127300004600173505038200219650002900601650001800630700002800648Nust20230310110145.0 a 80024846 a0913232602 (pbk.) : cNust00a372.4144,WOR00aWords /cedited by Mark Soppeland. aLos Altos, Calif. :bW. Kaufmann,cc1980. avi, 146 p. :bchiefly ill. ;c17 x 25 cm. aWords about Words: Their Nature and Manipulation (Page-1), Words that Characterize The Status of Things (Page-19), Words of Substance: the Material World (Page-43), World in our Midst: Food, Clothing, and Every day Object (Page-61) Words that Live: Plants, Animals and People (Page-79), Words of Action and Changes (Page-99), A grab Bag of Words : Morning to Night (Page-125).  0aDecoration and ornament. 0aWords in art.1 aSoppeland, Mark,d1952-